000 00629nam a22002177a 4500
999 _c12335
_d12335
003 AR-CdUCM
008 190408b ||||| |||| 00| 0 spa d
040 _aMUNICIPALIDAD PROVINCIAL DEL CUSCO
_cBIBLIOTECA MUNICIPAL DEL CUSCO
082 _aC / 869.56 /
_bAV91
100 _aAvendaño F., Angel
_917179
245 _aPoemas /
260 _aCusco :
_bEdiciones Elemento,
_c1969.
300 _c15 cm.
440 _aColección Vigencia.
_n1
_917180
505 _aContenido: Poemas.
650 _aLiteratura Peruana
_9132
650 _aPoemas
_9929
650 _aSiglo XX
_98
942 _2ddc
_cLIBROS
945 _aachl
_d2019-04-08